[Event "Madrid ch 2009 - Semifinal B"]
[Site "Madrid ESP"]
[Date "2009.02.06"]
[Round "8.6"]
[White "Sanchez Garcia, Aurelio"]
[Black "Montañes Arribas, Adrian"]
[Result "1/2-1/2"]
[WhiteElo "2126"]
[BlackElo "2046"]
[PlyCount "55"]
[EventDate "2009.01.15"]
[EventType "swiss"]
[EventRounds "9"]
[EventCountry "ESP"]
[Source "lmi"]
[SourceDate "2009.01.15"]

1. d4 d5 2. Bf4 Nf6 3. e3 c5 4. c3 Nc6 5. Nd2 Bf5 6. Qb3 Qc8 7. Ngf3 c4 8. Qd1
h6 9. h3 e6 10. Be2 b5 11. O-O Be7 12. Qc1 b4 13. Bd1 O-O 14. Bc2 bxc3 15. bxc3
Bxc2 16. Qxc2 Bd8 17. Rab1 Bc7 18. Rb2 Bxf4 19. exf4 Ne7 20. Ne5 Nf5 21. Rfb1
Qa6 22. Rb4 Nd6 23. Ra4 Qc8 24. Qb2 Rb8 25. Rb4 Rxb4 26. Qxb4 Qc7 27. g3 Nd7
28. Nxd7 1/2-1/2

[Event "Madrid ch 2009 - Semifinal B"]
[Site "Madrid ESP"]
[Date "2009.02.06"]
[Round "8.7"]
[White "Cabañas Bravo, Juan Andres"]
[Black "Vazquez Gonzalez, Jesus"]
[Result "0-1"]
[WhiteElo "2073"]
[BlackElo "2044"]
[PlyCount "72"]
[EventDate "2009.01.15"]
[EventType "swiss"]
[EventRounds "9"]
[EventCountry "ESP"]
[Source "lmi"]
[SourceDate "2009.01.15"]

1. e4 g6 2. d4 Bg7 3. Nc3 c5 4. dxc5 Bxc3+ 5. bxc3 Qa5 6. Qd4 Nf6 7. Qb4 Qxb4
8. cxb4 Nxe4 9. Bb2 O-O 10. Bd3 f5 11. f3 Nf6 12. O-O-O b6 13. cxb6 axb6 14.
Bd4 Nc6 15. Bc3 e6 16. Bc4 d5 17. Bb3 b5 18. Nh3 Kg7 19. Nf4 d4 20. Bb2 e5 21.
Nd5 Ra7 22. a3 Rd8 23. Nxf6 Kxf6 24. Rhe1 Be6 25. Bxe6 Kxe6 26. Rd3 Kd5 27. Kd2
e4 28. Rb3 Ne5 29. Kd1 Nc4 30. Bc1 Rda8 31. fxe4+ fxe4 32. Rh3 Nxa3 33. Bxa3
Rxa3 34. Rxh7 Ra1+ 35. Kd2 e3+ 36. Ke2 d3+ 0-1

[Event "Madrid ch 2009 - Semifinal B"]
[Site "Madrid ESP"]
[Date "2009.02.06"]
[Round "8.8"]
[White "Garcia Serrano, Jose Manuel"]
[Black "Sotnikov, Taras"]
[Result "1/2-1/2"]
[WhiteElo "1887"]
[BlackElo "1925"]
[PlyCount "103"]
[EventDate "2009.01.15"]
[EventType "swiss"]
[EventRounds "9"]
[EventCountry "ESP"]
[Source "lmi"]
[SourceDate "2009.01.15"]

1. e4 c5 2. d4 cxd4 3. c3 dxc3 4. Nxc3 Nc6 5. Nf3 e6 6. Bc4 a6 7. O-O Be7 8.
Qe2 d6 9. Rd1 b5 10. Bd3 Ra7 11. Be3 Rd7 12. Nxb5 axb5 13. Bxb5 Bb7 14. Rac1
Qa8 15. Qc2 Rc7 16. Bb6 Rc8 17. Nd4 Kd7 18. Nb3 Bg5 19. Rxd6+ Kxd6 20. Qc5+ Kd7
21. Rd1+ Ke8 22. Qxg5 Nge7 23. Nc5 h6 24. Qd2 Kf8 25. Qd7 Ne5 26. Qxb7 Qxb7 27.
Nxb7 Kg8 28. Rd8+ Kh7 29. Rxh8+ Kxh8 30. f3 Rc1+ 31. Kf2 Rc2+ 32. Kg3 Rxb2 33.
a4 N5c6 34. Nd6 Kg8 35. a5 Nc8 36. Bxc6 Nxb6 37. axb6 Rxb6 38. Nc8 Rb8 39. Na7
Kf8 40. e5 Rb2 41. Be4 Ra2 42. Nc6 Rb2 43. f4 Re2 44. Bf3 Rc2 45. Kg4 Rc4 46.
Na5 Ra4 47. Nb7 Rb4 48. Nc5 Rc4 49. Nd7+ Ke7 50. Nb6 Rc2 51. Be4 Rb2 52. Nc8+
1/2-1/2

[Event "Madrid ch 2009 - Semifinal B"]
[Site "Madrid ESP"]
[Date "2009.02.06"]
[Round "8.9"]
[White "Suarez Uriel, Adrian"]
[Black "Collado Barbas, Laura"]
[Result "0-1"]
[WhiteElo "2160"]
[BlackElo "2046"]
[PlyCount "84"]
[EventDate "2009.01.15"]
[EventType "swiss"]
[EventRounds "9"]
[EventCountry "ESP"]
[Source "lmi"]
[SourceDate "2009.01.15"]

1. e4 e6 2. d3 d5 3. Qe2 Nf6 4. Nf3 b6 5. e5 Nfd7 6. g3 c5 7. Bg2 Nc6 8. O-O
Qc7 9. Re1 Bb7 10. Bf4 Be7 11. Nc3 Nd4 12. Nxd4 cxd4 13. Nxd5 Bxd5 14. Bxd5 Rc8
15. Rac1 g5 16. Bxe6 fxe6 17. Qh5+ Kd8 18. Bxg5 Qc5 19. Re4 Bxg5 20. Qxg5+ Kc7
21. c3 Kb8 22. b4 Qb5 23. c4 Qxb4 24. Rxd4 Nc5 25. Rd6 Qb2 26. Qe3 h5 27. d4
Ne4 28. Rxe6 Nxf2 29. Re1 Ng4 30. Re2 Qb1+ 31. Re1 Qf5 32. Qf4 Qxe6 33. d5 Qh6
34. Qd4 Qf8 35. d6 Rxc4 36. Qd2 Qf2+ 37. Qxf2 Nxf2 38. Kxf2 Kc8 39. Kf3 Kd7 40.
Ke3 Ke6 41. Kd3 Ra4 42. Re2 Rf8 0-1

[Event "Madrid ch 2009 - Semifinal B"]
[Site "Madrid ESP"]
[Date "2009.02.06"]
[Round "8.10"]
[White "Martin Martin, Luis Vicente"]
[Black "Garcia Salamero, Gabriel"]
[Result "0-1"]
[WhiteElo "2085"]
[BlackElo "2027"]
[PlyCount "60"]
[EventDate "2009.01.15"]
[EventType "swiss"]
[EventRounds "9"]
[EventCountry "ESP"]
[Source "lmi"]
[SourceDate "2009.01.15"]

1. e4 e5 2. d4 exd4 3. Qxd4 Nc6 4. Qe3 Nf6 5. Bd2 Be7 6. Nc3 O-O 7. O-O-O Re8
8. Qg3 Bd6 9. f4 Nxe4 10. Nxe4 Rxe4 11. Bd3 Re8 12. Nf3 Be7 13. Rde1 d6 14. Bc3
Bf8 15. Bxh7+ Kxh7 16. Ng5+ Kg8 17. Qh4 Bf5 18. g4 Rxe1+ 19. Rxe1 Bg6 20. f5
Be7 21. Rxe7 Qxe7 22. fxg6 Qe3+ 23. Kd1 Qg1+ 24. Kd2 Qg2+ 25. Kc1 Qf1+ 26. Be1
Kf8 27. gxf7 Ne5 28. b3 Nxf7 29. Ne6+ Kg8 30. Kb2 Re8 0-1

[Event "Madrid ch 2009 - Semifinal B"]
[Site "Madrid ESP"]
[Date "2009.02.06"]
[Round "8.11"]
[White "Rojas Pozo, Jose Luis"]
[Black "Martin Mazuelo, Miguel Angel"]
[Result "1-0"]
[WhiteElo "1914"]
[BlackElo "1983"]
[PlyCount "75"]
[EventDate "2009.01.15"]
[EventType "swiss"]
[EventRounds "9"]
[EventCountry "ESP"]
[Source "lmi"]
[SourceDate "2009.01.15"]

1. e4 c5 2. Nf3 e6 3. d4 cxd4 4. Nxd4 Qb6 5. Nb3 Qc7 6. Be2 Nf6 7. N1d2 a6 8.
O-O b5 9. Bf3 Bb7 10. Re1 d6 11. Nf1 Be7 12. Bf4 Nc6 13. Rc1 Qd7 14. Qe2 e5 15.
Bg5 h6 16. Bxf6 Bxf6 17. c3 O-O 18. Ne3 Bg5 19. Rcd1 Bxe3 20. Qxe3 Qe7 21. Rd2
Rfd8 22. Red1 a5 23. Na1 b4 24. Nc2 bxc3 25. Qxc3 Ra6 26. Qa3 Nb4 27. Nxb4 axb4
28. Qxb4 Rxa2 29. h3 Ra6 30. Be2 Rc6 31. Bc4 Rc5 32. Qxc5 dxc5 33. Rxd8+ Kh7
34. R8d7 Qh4 35. Rxb7 f5 36. Rdd7 h5 37. Rxg7+ Kh6 38. exf5 1-0

[Event "Madrid ch 2009 - Semifinal B"]
[Site "Madrid ESP"]
[Date "2009.02.06"]
[Round "8.12"]
[White "Alonso Aranzabal, Iñigo"]
[Black "Martin Duque, Jesus"]
[Result "1-0"]
[WhiteElo "2082"]
[BlackElo "1757"]
[PlyCount "103"]
[EventDate "2009.01.15"]
[EventType "swiss"]
[EventRounds "9"]
[EventCountry "ESP"]
[Source "lmi"]
[SourceDate "2009.01.15"]

1. e4 e6 2. d4 d5 3. e5 c5 4. c3 Nc6 5. Nf3 Qb6 6. a3 Nh6 7. b4 cxd4 8. cxd4
Nf5 9. Bb2 Bd7 10. g4 Nfe7 11. Nc3 Na5 12. Na4 Bxa4 13. Qxa4+ Nac6 14. b5 Qa5+
15. Qxa5 Nxa5 16. Rc1 Rc8 17. Rxc8+ Nxc8 18. Bc3 Nc4 19. Bxc4 dxc4 20. a4 Nb6
21. a5 Nd5 22. Kd2 Be7 23. Kc2 Kd7 24. Nd2 Rc8 25. Ra1 f6 26. Ra4 fxe5 27. dxe5
Rc5 28. Bd4 Rxb5 29. Bxa7 c3 30. Nb3 Rb4 31. Rxb4 Bxb4 32. Bc5 Kc6 33. Bxb4
Nxb4+ 34. Kxc3 Nd5+ 35. Kd4 Nf4 36. Nc5 g5 37. Ne4 Nh3 38. f3 h6 39. Nd6 Nf4
40. Nf7 Kb5 41. Nd6+ Kc6 42. Nf7 Kb5 43. Nxh6 Kxa5 44. Nf7 Nh3 45. Nd8 Nf4 46.
Nxb7+ Kb6 47. Nd6 Kc6 48. Ke4 Kc5 49. h4 Ne2 50. hxg5 Ng3+ 51. Ke3 Nf1+ 52. Kf4
1-0

[Event "Madrid ch 2009 - Semifinal B"]
[Site "Madrid ESP"]
[Date "2009.02.07"]
[Round "9.2"]
[White "Ramírez García, Jorge Alberto"]
[Black "Vazquez Torres, Adrian"]
[Result "1/2-1/2"]
[WhiteElo "2234"]
[BlackElo "2065"]
[PlyCount "138"]
[EventDate "2009.01.15"]
[EventType "swiss"]
[EventRounds "9"]
[EventCountry "ESP"]
[Source "lmi"]
[SourceDate "2009.01.15"]

1. d4 d5 2. Nc3 e6 3. e4 dxe4 4. Nxe4 Bd7 5. Nf3 Bc6 6. Bd3 Nd7 7. Bg5 Be7 8.
h4 Ngf6 9. Ned2 h6 10. Bxf6 Nxf6 11. c3 Nd5 12. g3 Bf6 13. Qe2 Qe7 14. O-O-O
O-O-O 15. Nc4 Rhe8 16. Kb1 b6 17. Nce5 Bxe5 18. Nxe5 Bb7 19. Bb5 Rf8 20. Nc6
Bxc6 21. Bxc6 Rd6 22. Qa6+ Kd8 23. Qb7 Qf6 24. Bxd5 Rxd5 25. Qxa7 Kd7 26. Qa4+
b5 27. Qc2 Ra8 28. Rhe1 Qf5 29. Qxf5 Rxf5 30. Rd2 Kd6 31. b3 Rb8 32. a3 c6 33.
Re3 g5 34. hxg5 hxg5 35. Rde2 Rh8 36. Re5 Rf3 37. R5e3 Rf6 38. Re5 Rh1+ 39. Kb2
Rh2 40. a4 Rfxf2 41. Rxf2 Rxf2+ 42. Ka3 f6 43. Re3 bxa4 44. bxa4 f5 45. a5 Rf1
46. Kb4 f4 47. gxf4 gxf4 48. Re2 Rb1+ 49. Kc4 Ra1 50. Re4 Rxa5 51. Rxf4 c5 52.
Rf6 cxd4 53. Kxd4 Rd5+ 54. Kc4 Rf5 55. Rh6 Rf1 56. Rh2 Kc6 57. Re2 Rf4+ 58. Kb3
Kd5 59. Rd2+ Kc5 60. Re2 Kd5 61. Ra2 Re4 62. Ra5+ Kc6 63. c4 Re1 64. Ra6+ Kc5
65. Ra5+ Kc6 66. Ra8 e5 67. Rc8+ Kd7 68. Rh8 Kc6 69. Rc8+ Kd7 1/2-1/2

[Event "Madrid ch 2009 - Semifinal B"]
[Site "Madrid ESP"]
[Date "2009.02.07"]
[Round "9.3"]
[White "Peñalosa Pinilla, Jesus"]
[Black "Martinez De Miguel, Pedro"]
[Result "1-0"]
[WhiteElo "2228"]
[BlackElo "2156"]
[PlyCount "71"]
[EventDate "2009.01.15"]
[EventType "swiss"]
[EventRounds "9"]
[EventCountry "ESP"]
[Source "lmi"]
[SourceDate "2009.01.15"]

1. e4 c5 2. Nf3 d6 3. d4 cxd4 4. Nxd4 Nf6 5. Nc3 a6 6. Bg5 e6 7. f4 Nc6 8. Qd2
h6 9. Bxf6 Qxf6 10. Nb3 g5 11. f5 Qe5 12. O-O-O Qf4 13. Be2 Qxd2+ 14. Rxd2 b5
15. Bh5 Ne5 16. fxe6 Bxe6 17. Nd5 O-O-O 18. Be2 Kb8 19. Nd4 Bxd5 20. exd5 h5
21. Kb1 g4 22. a4 Bh6 23. Rdd1 bxa4 24. Bxa6 Kc7 25. Bb5 Ra8 26. Rhe1 Bg5 27.
Ka2 h4 28. Bc6 Nxc6 29. Nxc6 Bf4 30. Re7+ Kb6 31. h3 gxh3 32. gxh3 f6 33. Rd4
Be5 34. Rb4+ Kc5 35. c4 a3 36. b3 1-0

[Event "Madrid ch 2009 - Semifinal B"]
[Site "Madrid ESP"]
[Date "2009.02.07"]
[Round "9.4"]
[White "Montañes Arribas, Adrian"]
[Black "Adan Bermudez, Sergio"]
[Result "1-0"]
[WhiteElo "2046"]
[BlackElo "2295"]
[PlyCount "39"]
[EventDate "2009.01.15"]
[EventType "swiss"]
[EventRounds "9"]
[EventCountry "ESP"]
[Source "lmi"]
[SourceDate "2009.01.15"]

1. e4 c5 2. Nf3 d6 3. d4 cxd4 4. Nxd4 Nf6 5. Nc3 e6 6. g4 h6 7. h4 Nc6 8. Rg1
h5 9. gxh5 Nxh5 10. Bg5 Qc7 11. Be2 g6 12. Qd2 a6 13. O-O-O Bd7 14. Rge1 b5 15.
Nd5 exd5 16. Nxc6 dxe4 17. Nb4 Bc6 18. Qd4 Kd7 19. Qxh8 Bg7 20. Bg4+ 1-0

[Event "Madrid ch 2009 - Semifinal B"]
[Site "Madrid ESP"]
[Date "2009.02.07"]
[Round "9.5"]
[White "Vazquez Gonzalez, Jesus"]
[Black "Castejon Caballero, Andres"]
[Result "0-1"]
[WhiteElo "2044"]
[BlackElo "2089"]
[PlyCount "76"]
[EventDate "2009.01.15"]
[EventType "swiss"]
[EventRounds "9"]
[EventCountry "ESP"]
[Source "lmi"]
[SourceDate "2009.01.15"]

1. e4 e5 2. Nf3 Qe7 3. Bc4 h6 4. O-O d6 5. d4 g5 6. dxe5 dxe5 7. Qd5 Bg7 8. Rd1
g4 9. Ne1 Nf6 10. Qd3 O-O 11. Nc3 c6 12. f4 gxf3 13. gxf3 b5 14. Bb3 a5 15. a4
b4 16. Ne2 Ba6 17. Qe3 c5 18. c4 Nc6 19. Ng3 Nd4 20. Ba2 Rad8 21. Bd2 Nh7 22.
f4 exf4 23. Qxf4 b3 24. Bb1 Bxc4 25. Rc1 Ng5 26. Kg2 Nde6 27. Qf2 Rxd2 28. Qxd2
Rd8 29. Qxa5 Nf4+ 30. Kh1 Bxb2 31. Rxc4 Bxa1 32. Nf5 Qf6 33. Nxh6+ Kg7 34. Nf5+
Kh8 35. Qxc5 Ngh3 36. Ng3 Bd4 37. Qf5 Nf2+ 38. Kg1 Nxe4+ 0-1

[Event "Madrid ch 2009 - Semifinal B"]
[Site "Madrid ESP"]
[Date "2009.02.07"]
[Round "9.6"]
[White "Collado Barbas, Laura"]
[Black "Lopez de Turiso, Jose Angel"]
[Result "0-1"]
[WhiteElo "2046"]
[BlackElo "2079"]
[PlyCount "126"]
[EventDate "2009.01.15"]
[EventType "swiss"]
[EventRounds "9"]
[EventCountry "ESP"]
[Source "lmi"]
[SourceDate "2009.01.15"]

1. d4 Nf6 2. c4 e5 3. dxe5 Ne4 4. Nf3 Nc6 5. a3 d6 6. exd6 Bxd6 7. Nbd2 Bf5 8.
e3 Qf6 9. Nxe4 Bxe4 10. Bd3 Bxd3 11. Qxd3 O-O-O 12. Qc2 Rhe8 13. Rb1 g5 14. c5
g4 15. Nd2 Bxh2 16. Nc4 Be5 17. Bd2 h5 18. b4 Qg5 19. b5 Ne7 20. Qa4 Kb8 21. b6
cxb6 22. cxb6 a6 23. g3 Nc6 24. e4 Rxd2 25. Nxd2 Bc3 26. Rd1 Rd8 27. Qc2 Qa5
28. O-O Rxd2 29. Rxd2 Bxd2 30. Rd1 Bg5 31. Rd5 Qe1+ 32. Kg2 Qc1 33. Qd3 Kc8 34.
Rd6 h4 35. gxh4 Bxh4 36. Qd5 Qf4 37. Qf5+ Qxf5 38. exf5 Be7 39. Rd3 Bc5 40. Rg3
Bxb6 41. Rxg4 Bd4 42. Re4 f6 43. Kg3 b5 44. Re6 Kb7 45. Kf3 Bb2 46. Kg4 Ne5+
47. Kf4 Nc4 48. Re7+ Kb6 49. Re6+ Ka5 50. Ke4 Nxa3 51. Kd3 Nc4 52. Kc2 Bd4 53.
f3 Nb6 54. Kb3 Na4 55. Rd6 Nc5+ 56. Kc2 Be5 57. Rd5 Kb4 58. Rd8 a5 59. f4 Bc3
60. Rd1 a4 61. Kb1 Kb3 62. Rg1 a3 63. Rg2 Ne4 0-1

[Event "Madrid ch 2009 - Semifinal B"]
[Site "Madrid ESP"]
[Date "2009.02.07"]
[Round "9.8"]
[White "Garcia Salamero, Gabriel"]
[Black "Garcia Serrano, Jose Manuel"]
[Result "1-0"]
[WhiteElo "2027"]
[BlackElo "1887"]
[PlyCount "79"]
[EventDate "2009.01.15"]
[EventType "swiss"]
[EventRounds "9"]
[EventCountry "ESP"]
[Source "lmi"]
[SourceDate "2009.01.15"]

1. f4 e5 2. fxe5 d6 3. Nf3 dxe5 4. e4 Nf6 5. Bc4 Bc5 6. Qe2 O-O 7. d3 Qe7 8. c3
Nc6 9. Be3 Bxe3 10. Qxe3 Na5 11. Nbd2 Nxc4 12. Nxc4 Ng4 13. Qe2 b5 14. Ne3 Qc5
15. Nxg4 Bxg4 16. Qf2 Qd6 17. Rd1 f5 18. O-O c5 19. Qg3 Rae8 20. exf5 Bxf5 21.
d4 Qd5 22. dxe5 Qxa2 23. Ra1 Qxb2 24. Rxa7 Bg6 25. h4 Qxc3 26. Re1 Ra8 27. Rxa8
Rxa8 28. Qg4 Rf8 29. Qe6+ Bf7 30. Qd7 Be8 31. Qd5+ Kh8 32. Rf1 h6 33. Qd6 Qe3+
34. Kh1 Rg8 35. e6 Bh5 36. e7 Bxf3 37. Rxf3 Qe1+ 38. Kh2 Qxh4+ 39. Rh3 Qd4 40.
Rxh6+ 1-0

[Event "Madrid ch 2009 - Semifinal B"]
[Site "Madrid ESP"]
[Date "2009.02.07"]
[Round "9.9"]
[White "Sotnikov, Taras"]
[Black "Rojas Pozo, Jose Luis"]
[Result "0-1"]
[WhiteElo "1925"]
[BlackElo "1914"]
[PlyCount "78"]
[EventDate "2009.01.15"]
[EventType "swiss"]
[EventRounds "9"]
[EventCountry "ESP"]
[Source "lmi"]
[SourceDate "2009.01.15"]

1. e4 c5 2. Nf3 d6 3. c3 Nc6 4. Be2 Nf6 5. d3 e5 6. O-O Be7 7. a3 O-O 8. b4 a6
9. Nbd2 d5 10. exd5 Nxd5 11. Bb2 Nf4 12. Nc4 f6 13. Ne3 Be6 14. Re1 b5 15. Bf1
Qd7 16. d4 exd4 17. cxd4 cxb4 18. Qd2 Nd5 19. Bd3 bxa3 20. Bxa3 Bb4 21. Bxb4
Ncxb4 22. Be4 Ra7 23. Rab1 a5 24. Nc2 Rc8 25. Na3 Nc3 26. Rbc1 Nxe4 27. Rxc8+
Qxc8 28. Rxe4 Bf5 29. Nxb5 Bxe4 30. Nxa7 Qb7 31. Qe3 Nc2 32. Qe2 Qb1+ 33. Qf1
Qxf1+ 34. Kxf1 a4 35. Nd2 Bd3+ 36. Kg1 a3 37. Nb3 Bc4 38. Nc1 Nxd4 39. Nb5 Nxb5
0-1

[Event "Madrid ch 2009 - Semifinal B"]
[Site "Madrid ESP"]
[Date "2009.02.07"]
[Round "9.11"]
[White "Suarez Uriel, Adrian"]
[Black "Lozano Sanchez, Jose Antonio"]
[Result "1-0"]
[WhiteElo "2160"]
[BlackElo "1958"]
[PlyCount "83"]
[EventDate "2009.01.15"]
[EventType "swiss"]
[EventRounds "9"]
[EventCountry "ESP"]
[Source "lmi"]
[SourceDate "2009.01.15"]

1. e4 e5 2. Nf3 Nc6 3. Nc3 Nf6 4. d4 exd4 5. Nxd4 Bb4 6. Nxc6 Bxc3+ 7. bxc3
bxc6 8. Bd3 d6 9. O-O Bg4 10. Qe1 O-O 11. f3 Bd7 12. Bg5 Qe7 13. f4 Qe6 14. e5
Nd5 15. Qh4 h6 16. Rae1 Qg4 17. exd6 cxd6 18. c4 Nb4 19. Qxg4 Bxg4 20. Be7 Rfe8
21. f5 f6 22. Bxd6 Nxa2 23. h3 Bh5 24. g4 Bf7 25. Rxe8+ Rxe8 26. Ra1 Nc3 27.
Rxa7 Ne4 28. Bf4 Nc5 29. Kf2 Rd8 30. Ke3 Kf8 31. Rc7 Be8 32. Be2 Rd7 33. Rxd7
Nxd7 34. Bd6+ Kf7 35. c5 Ne5 36. Ke4 Bd7 37. Bxe5 fxe5 38. Kxe5 Ke7 39. Bc4 Bc8
40. h4 Bd7 41. Be6 Be8 42. c3 1-0